Las ciudades de la Edad Media / (Record no. 13222)
[ view plain ]
| 000 -CABECERA | |
|---|---|
| campo de control de longitud fija | 00980nam a2200265 4500 |
| 003 - IDENTIFICADOR DEL NÚMERO DE CONTROL | |
| campo de control | OSt |
| 005 - FECHA Y HORA DE LA ÚLTIMA TRANSACCIÓN | |
| campo de control | 20260530115308.0 |
| 008 - DATOS DE LONGITUD FIJA--INFORMACIÓN GENERAL | |
| campo de control de longitud fija | 260422b1972 sp |||| |||| 00| 0 spa d |
| 040 ## - FUENTE DE LA CATALOGACIÓN | |
| Centro catalogador/agencia de origen | ICI |
| Lengua de catalogación | spa |
| Centro/agencia transcriptor | ICI |
| 050 ## - SIGNATURA TOPOGRÁFICA DE LA BIBLIOTECA DEL CONGRESO | |
| Número de clasificación | D119 |
| Número de documento/Ítem | P56 2015 |
| 100 1# - ENTRADA PRINCIPAL--NOMBRE DE PERSONA | |
| Nombre de persona | Pirenne, Henri, |
| Fechas asociadas al nombre | 1862-1935, |
| 9 (RLIN) | 32430 |
| 240 14 - TÍTULO UNIFORME | |
| Título uniforme | Les villes du Moyen Âge. |
| Lenguaje de la obra | Español |
| 245 14 - MENCIÓN DE TÍTULO | |
| Título | Las ciudades de la Edad Media / |
| Mención de responsabilidad, etc. | Henri Pirenne ; [traducción de Francisco Calvo Serraller] |
| 264 #1 - PRODUCCIÓN, PUBLICACIÓN, DISTRIBUCIÓN, FABRICACIÓN Y COPYRIGHT | |
| Nombre del de productor, editor, distribuidor, fabricante | Alianza Editorial, |
| Fecha de producción, publicación, distribución, fabricación o copyright | 1972 |
| Producción, publicación, distribución, fabricación y copyright | Madrid : |
| 300 ## - DESCRIPCIÓN FÍSICA | |
| Extensión | 167 páginas |
| Dimensiones | 18 cm |
| 336 ## - TIPO DE CONTENIDO | |
| Término de tipo de contenido | texto |
| Fuente | rdacontent |
| 337 ## - TIPO DE MEDIO | |
| Nombre/término del tipo de medio | sin medio |
| Fuente | rdamedia |
| 338 ## - TIPO DE SOPORTE | |
| Nombre/término del tipo de soporte | volumen |
| Fuente | rdacarrier |
| 490 0# - MENCIÓN DE SERIE | |
| Mención de serie | El libro de bolsillo. Historia |
| 650 4# - PUNTO DE ACCESO ADICIONAL DE MATERIA--TÉRMINO DE MATERIA | |
| Término de materia o nombre geográfico como elemento de entrada | Edad Media |
| Subdivisión general | Aspectos económicos |
| 9 (RLIN) | 32431 |
| 650 4# - PUNTO DE ACCESO ADICIONAL DE MATERIA--TÉRMINO DE MATERIA | |
| Término de materia o nombre geográfico como elemento de entrada | Ciudades y pueblos |
| Subdivisión general | Edad Media |x Historia |
| 9 (RLIN) | 32432 |
| 700 1# - PUNTO DE ACCESO ADICIONAL--NOMBRE DE PERSONA | |
| Nombre de persona | Calvo Serraller, F. |q (Francisco), |
| Fechas asociadas al nombre | 1948- |
| Término indicativo de función/relación | traductor |
| 9 (RLIN) | 32433 |
| 700 1# - PUNTO DE ACCESO ADICIONAL--NOMBRE DE PERSONA | |
| Título de la obra | Villes du Moyen Âge |
| Fechas asociadas al nombre | 1862-1935 |
| Información de relación/Frase instructiva de referencia | Traduccion de: |a Pirenne, Henri, |
| 9 (RLIN) | 32434 |
| 942 ## - ELEMENTOS DE PUNTO DE ACCESO ADICIONAL (KOHA) | |
| Fuente del sistema de clasificación o colocación | Library of Congress Classification |
| Tipo de ítem Koha | |
No items available.